000 00699nam a2200241 a 4500
001 54579
003 BD-RjUL
005 20211209080136.0
008 161211s1961 nyua 001 0 eng
035 _a(BD-RjUL)
040 _aDLC
_cGU
_dBD-RjUL
_beng
041 _aeng
082 _a338.1
_223
_bKIF 1961
100 1 _aHead, Earl O
_9197522
245 1 0 _aFarm management economics /
_cEarl O Heady; Harald R Jensen
260 _aEnglewood Cliffs :
_bPrentice Hall,
_cc1961
300 _a675 p. :
_bill. ;
_c24 cm.
500 _aIncludes index
650 0 _aFarm management.
_9162796
650 0 _aAgriculture--Economic aspects
_9197523
700 _aJensen, Harald R
_9197538
942 _2ddc
_cBK
999 _c54579
_d54579